Entrepreneurship : (Record no. 205931)
[ view plain ]
| 000 -LEADER | |
|---|---|
| fixed length control field | 00902nam a2200265Ia 4500 |
| 005 - DATE AND TIME OF LATEST TRANSACTION | |
| control field | 20220707135855.0 |
| 008 - FIXED-LENGTH DATA ELEMENTS--GENERAL INFORMATION | |
| fixed length control field | 210716s2010 xx 000 0 und d |
| 020 ## - INTERNATIONAL STANDARD BOOK NUMBER | |
| International Standard Book Number | 8131513505 |
| 040 ## - CATALOGING SOURCE | |
| Transcribing agency | AIMIT LIBRARY |
| 041 ## - LANGUAGE CODE | |
| Language code of text/sound track or separate title | eng |
| 082 ## - DEWEY DECIMAL CLASSIFICATION NUMBER | |
| Classification number | 338.04 |
| Edition number | 1 |
| Item number | REDP |
| 100 ## - MAIN ENTRY--PERSONAL NAME | |
| Personal name | Reddy, P Narayana. |
| 9 (RLIN) | 47520 |
| 245 ## - TITLE STATEMENT | |
| Title | Entrepreneurship : |
| Remainder of title | Text and cases / |
| Statement of responsibility, etc. | By P. Narayana Reddy |
| 250 ## - EDITION STATEMENT | |
| Edition statement | 1st ed. |
| 260 ## - PUBLICATION, DISTRIBUTION, ETC. | |
| Place of publication, distribution, etc. | New Delhi : |
| Name of publisher, distributor, etc. | Cengage Learning , |
| Date of publication, distribution, etc. | 2010. |
| 300 ## - PHYSICAL DESCRIPTION | |
| Extent | x, 402p. ; |
| Other physical details | PB : |
| Dimensions | 24 cm. |
| 650 ## - SUBJECT ADDED ENTRY--TOPICAL TERM | |
| Topical term or geographic name entry element | Entrepreneurship |
| 9 (RLIN) | 47521 |
| 650 ## - SUBJECT ADDED ENTRY--TOPICAL TERM | |
| Topical term or geographic name entry element | Entrepreneurship and Government |
| 9 (RLIN) | 47522 |
| 650 ## - SUBJECT ADDED ENTRY--TOPICAL TERM | |
| Topical term or geographic name entry element | Small Scale Industries in India |
| 9 (RLIN) | 47523 |
| 650 ## - SUBJECT ADDED ENTRY--TOPICAL TERM | |
| Topical term or geographic name entry element | Institutional Finance to Entrepreneur |
| 9 (RLIN) | 47524 |
| 650 ## - SUBJECT ADDED ENTRY--TOPICAL TERM | |
| Topical term or geographic name entry element | The Venture Capital Industry |
| 9 (RLIN) | 47525 |
| 650 ## - SUBJECT ADDED ENTRY--TOPICAL TERM | |
| Topical term or geographic name entry element | Entrepreneurial Strategies |
| 9 (RLIN) | 47526 |
| 650 ## - SUBJECT ADDED ENTRY--TOPICAL TERM | |
| Topical term or geographic name entry element | Contemporary Issues Entrepreneurship |
| 9 (RLIN) | 47527 |
| 942 ## - ADDED ENTRY ELEMENTS (KOHA) | |
| Source of classification or shelving scheme | Dewey Decimal Classification |
| Koha item type | Book |
| Edition | 1st |
| Call number prefix | 338.04 REDP |
| Withdrawn status | Lost status | Source of classification or shelving scheme | Damaged status | Not for loan | Collection code | Home library | Current library | Date acquired | Cost, normal purchase price | Inventory number | Total Checkouts | Full call number | Barcode | Date last seen | Cost, replacement price | Price effective from | Koha item type | Date last checked out |
|---|---|---|---|---|---|---|---|---|---|---|---|---|---|---|---|---|---|---|
| Dewey Decimal Classification | Reference Book | MBA | St Aloysius Institute of Management & Information Technology | St Aloysius Institute of Management & Information Technology | 12/15/2010 | 275.00 | Bill no:ABK 507; Bill dt:2010-09 | 338.04 REDP | MBA08497 | 07/21/2025 | 206.25 | 07/16/2021 | Book | |||||
| Dewey Decimal Classification | MBA | St Aloysius Institute of Management & Information Technology | St Aloysius Institute of Management & Information Technology | 01/28/2007 | 350.00 | Bill no:1680; Bill dt:2014-01-13 | 338.04 REDP | MBA10959 | 05/23/2026 | 262.50 | 07/16/2021 | Book | ||||||
| Dewey Decimal Classification | MBA | St Aloysius Institute of Management & Information Technology | St Aloysius Institute of Management & Information Technology | 03/05/2019 | 475.00 | Bill no:417; Bill dt:2019-02-27 | 1 | 338.04 REDP | MBA13476 | 05/23/2026 | 380.00 | 07/16/2021 | Book | 06/20/2023 | ||||
| Dewey Decimal Classification | MBA | St Aloysius Institute of Management & Information Technology | St Aloysius Institute of Management & Information Technology | 03/05/2019 | 475.00 | Bill no:417; Bill dt:2019-02-27 | 338.04 REDP | MBA13477 | 05/23/2026 | 380.00 | 07/16/2021 | Book | ||||||
| Dewey Decimal Classification | MBA | St Aloysius Institute of Management & Information Technology | St Aloysius Institute of Management & Information Technology | 03/05/2019 | 475.00 | Bill no:417; Bill dt:2019-02-27 | 338.04 REDP | MBA13478 | 05/23/2026 | 380.00 | 07/16/2021 | Book | ||||||
| Dewey Decimal Classification | MBA | St Aloysius Institute of Management & Information Technology | St Aloysius Institute of Management & Information Technology | 03/05/2019 | 475.00 | Bill no:417; Bill dt:2019-02-27 | 338.04 REDP | MBA13479 | 05/23/2026 | 380.00 | 07/16/2021 | Book | ||||||
| Dewey Decimal Classification | MBA | St Aloysius Institute of Management & Information Technology | St Aloysius Institute of Management & Information Technology | 03/05/2019 | 475.00 | Bill no:417; Bill dt:2019-02-27 | 338.04 REDP | MBA13480 | 05/23/2026 | 380.00 | 07/16/2021 | Book | ||||||
| Dewey Decimal Classification | MBA | St Aloysius Institute of Management & Information Technology | St Aloysius Institute of Management & Information Technology | 03/05/2019 | 475.00 | Bill no:417; Bill dt:2019-02-27 | 338.04 REDP | MBA13481 | 05/23/2026 | 380.00 | 07/16/2021 | Book | ||||||
| Dewey Decimal Classification | MBA | St Aloysius Institute of Management & Information Technology | St Aloysius Institute of Management & Information Technology | 03/05/2019 | 475.00 | Bill no:417; Bill dt:2019-02-27 | 338.04 REDP | MBA13482 | 05/23/2026 | 380.00 | 07/16/2021 | Book | ||||||
| Dewey Decimal Classification | MBA | St Aloysius Institute of Management & Information Technology | St Aloysius Institute of Management & Information Technology | 03/05/2019 | 475.00 | Bill no:417; Bill dt:2019-02-27 | 338.04 REDP | MBA13483 | 05/23/2026 | 380.00 | 07/16/2021 | Book |